Manual de estándares de práctica : (Registro nro. 3857)

Detalles MARC
000 -LEADER
fixed length control field 01370nam a2200289Ia 4500
003 - CONTROL NUMBER IDENTIFIER
control field OSt
005 - DATE AND TIME OF LATEST TRANSACTION
control field 20200620235623.0
008 - FIXED-LENGTH DATA ELEMENTS--GENERAL INFORMATION
fixed length control field 191128s2013 ck fr 000 0 spa d
020 ## - INTERNATIONAL STANDARD BOOK NUMBER
International Standard Book Number 9789589805411
040 ## - CATALOGING SOURCE
Original cataloging agency CO-JMCR
Transcribing agency CO-JMCR
041 1# - LANGUAGE CODE
Language code of text/sound track or separate title spa
Language code of original eng
082 04 - DEWEY DECIMAL CLASSIFICATION NUMBER
Classification number 332.642861 /
Item number M294m
Edition number 23
245 10 - TITLE STATEMENT
Title Manual de estándares de práctica :
Remainder of title AMV, certificación de profesionales del mercado de valores 2013 /
Statement of responsibility, etc. Autoregulador del Mercado de Valores ; traducción Enrique Uribe jongbloed, Juan Pablo Benítez
250 ## - EDITION STATEMENT
Edition statement Primera edición
260 ## - PUBLICATION, DISTRIBUTION, ETC.
Place of publication, distribution, etc. Bogotá :
Name of publisher, distributor, etc. Autorregulador del Mercado de Valores de Colombia,
Date of publication, distribution, etc. 2013
300 ## - PHYSICAL DESCRIPTION
Extent 225 páginas ;
Dimensions 28 cm.
505 0# - FORMATTED CONTENTS NOTE
Formatted contents note La importancia de la ética -- Profesionalismo -- Integridad del mercado de valores capitales -- Obligaciones hacia el cliente -- Obligaciones hacia los empleados -- Análisis, recomendaciones y acciones de inversión -- Conflicto de interés
534 ## - ORIGINAL VERSION NOTE
Introductory phrase Standars of practice Handbook
546 ## - LANGUAGE NOTE
Language note Traducido del inglés
650 14 - SUBJECT ADDED ENTRY--TOPICAL TERM
Topical term or geographic name entry element Mercado de capitales
Geographic subdivision Colombia
9 (RLIN) 5923
650 14 - SUBJECT ADDED ENTRY--TOPICAL TERM
Topical term or geographic name entry element Normas
General subdivision mercado de capitales
Geographic subdivision Colombia
9 (RLIN) 5924
650 14 - SUBJECT ADDED ENTRY--TOPICAL TERM
Topical term or geographic name entry element Manuales
General subdivision profesionales del mercado de capitales
9 (RLIN) 5925
650 24 - SUBJECT ADDED ENTRY--TOPICAL TERM
Topical term or geographic name entry element Ética profesional
9 (RLIN) 2535
700 1# - ADDED ENTRY--PERSONAL NAME
Personal name Uribe jongbloed, Enrique,
Relator term traductor
9 (RLIN) 5926
700 1# - ADDED ENTRY--PERSONAL NAME
Personal name Benítez, Juan Pablo,
Relator term traductor
9 (RLIN) 5927
942 ## - ADDED ENTRY ELEMENTS (KOHA)
Source of classification or shelving scheme Dewey Decimal Classification
Koha item type Books
Existencias
Withdrawn status Lost status Source of classification or shelving scheme Damaged status Not for loan Collection code Home library Current library Date acquired Source of acquisition Cost, normal purchase price Total Checkouts Full call number Barcode Date last seen Copy number Koha item type
    Dewey Decimal Classification     Non-fiction Biblioteca Pública José María del Castillo y Rada Biblioteca Pública José María del Castillo y Rada 08/28/2018 Donación 0.00   332.642861 / M294m 201808366 05/16/2024 Ej.1 Books